Statistiche per Stati per produzione di pomodori

Clicka qui per fare il quiz!

Statistiche generali

  • Questo quiz è stato fatto 9 volte
  • Il punteggio medio è 13 su 15

Statistiche sulle risposte

ContinenteProduzione (tonnellate)Stato% Corretto
Asia56 423 811Cina
100%
Africa7 943 285Egitto
100%
Europa6 437 572Italia
100%
America del Nord4 047 171Messico
100%
Asia / Europa2 986 203Russia
100%
Europa4 671 807Spagna
100%
America del Nord13 038 410Stati Uniti
100%
Asia / Europa12 600 000Turchia
100%
America del Sud4 167 629Brasile
89%
Asia18 399 000India
89%
Europa10 693 860Portogallo
78%
Europa2 229 690Ucraina
78%
Asia6 372 633Iran
67%
Africa2 243 228Nigeria
67%
Asia2 648 017Uzbekistan
56%

Distribuzione punteggi

Percentile per numero di risposta

Percentuale di utenti per punteggio

I tuoi punteggi nel tempo

Non hai fatto questo quiz